000 00586nam a22001697a 4500
999 _c19606
_d19606
003 AR-CdUCM
008 190518b ||||| |||| 00| 0 spa d
040 _aMUNICIPALIDAD PROVINCIAL DEL CUSCO
_cBIBLIOTECA MUNICIPAL DEL CUSCO
082 _a311 /
_bN95
100 _aNuñez del Prado, Arturo
_941045
245 _aEstadística Básica para planificación /
260 _aMexico :
_bSilgo XXI,
_c1972.
300 _a233 páginas ;
_c22 cm.
505 _aEstadística y planificación -- Estadígrafos descriptivos estáticos -- Números indice...
942 _2ddc
_cLIBROS
945 _awfj